000 00197 a2200097 4500
020 _a9780769642253
041 _aspa
100 _aGurney, Stella
245 _aEl perrito caliente tonto
942 _cBK
999 _c29850
_d29848